| 000 | 01010nam a2200241 a 4500 | ||
|---|---|---|---|
| 001 | 000038468 | ||
| 005 | 20201002031252.0 | ||
| 008 | 130412s2013 dr 001 0 spa d | ||
| 020 | _a9789945872392 | ||
| 040 |
_aDO-SdBNP _bspa _cBNPHU |
||
| 082 |
_a232.9 _bR579t |
||
| 100 | 1 |
_aRincón Vásquez, Felipe, _d1958- _952441 |
|
| 245 | 1 | 3 |
_aTeología sistemática / _cFelipe Rincón Vásquez. |
| 260 |
_aSanto Domingo : _bProducciones Mirabal, _c2013. |
||
| 300 |
_av. ; _c23 cm. |
||
| 500 | _aLa biblioteca posee el v. 1. | ||
| 505 | 0 |
_gv.1.- El cristianismo: su historia y sus dogmas: _tEl cristianismo definido -- _tEl cristianismo: su historia -- _tLa Biblia: la revelación del cristianismo -- _tLa doctrina cristiana acerca de Dios -- _gBibliografía -- _gGuía de estudio para la materia |
|
| 590 | _aInventariado, 2018/BT | ||
| 650 | 4 |
_aCristianismo _xHistoria y crítica _912034 |
|
| 650 | 4 |
_aInterpretación de la biblia _91107 |
|
| 650 | 4 |
_aJesucristo _91304 |
|
| 910 | _aValidado. Control de calidad. EMS | ||
| 999 |
_c37958 _d37958 |
||